[Event "II Open"]
[Site "Cortina d'Ampezzo ITA"]
[Date "2013.09.11"]
[Round "3"]
[White "Obersteiner, Stefan"]
[Black "Senesi, Glauco"]
[WhiteElo "1679"]
[BlackElo "1748"]
[Result "1-0"]
[PlyCount "57"]
[EventDate "2013.09.10"]

1. d4 d5 2. c4 e6 3. Nc3 Nf6 4. e3 c5 5. cxd5 exd5 6. Nf3 Nc6 7. Be2 Be7 8. O-O
O-O 9. dxc5 Bxc5 10. a3 a6 11. Qc2 Ne7 12. Rd1 Be6 13. Nxd5 Bxd5 14. Qxc5 Rc8
15. Qb4 Qc7 16. Nd4 Rfe8 17. f3 Nc6 18. Nxc6 Bxc6 19. e4 Qe5 20. Be3 Qc7 21.
Bb6 Qf4 22. Qd2 Qe5 23. Bd4 Qe6 24. Rac1 h6 25. Bc4 Qe7 26. Qf4 Nh5 27. Qf5 g6
28. Qxg6+ Kf8 29. Qxh6+ 1-0

[Event "II Open"]
[Site "Cortina d'Ampezzo ITA"]
[Date "2013.09.11"]
[Round "3"]
[White "Tomio, Dante"]
[Black "Ravagnani, Tiziano"]
[WhiteElo "1882"]
[BlackElo "1984"]
[Result "0-1"]
[PlyCount "96"]
[EventDate "2013.09.10"]

1. d4 Nf6 2. Nf3 g6 3. c4 Bg7 4. Nc3 d5 5. e3 O-O 6. Be2 dxc4 7. Bxc4 c5 8. O-O
cxd4 9. Nxd4 Qc7 10. Be2 Nc6 11. Nxc6 bxc6 12. Bf3 Rd8 13. Qe2 Rb8 14. Qc4 Qa5
15. Rd1 Ba6 16. Rxd8+ Rxd8 17. Qxc6 Nd7 18. h3 Ne5 19. Qe4 f5 20. Qc2 Nxf3+ 21.
gxf3 Qb4 22. Qb3+ Qxb3 23. axb3 Bb7 24. Kg2 a6 25. e4 Rd3 26. Bg5 fxe4 27. Nxe4
Rxb3 28. Bxe7 Rxb2 29. Rd1 Re2 30. Bg5 Bxe4 31. fxe4 Rxe4 32. Rd8+ Kf7 33. Rd7+
Kf8 34. Rd8+ Re8 35. Rd7 Ra8 36. Be3 a5 37. Bc5+ Kg8 38. Ba3 a4 39. Kf3 h6 40.
h4 Bf8 41. Bxf8 Kxf8 42. Ke4 a3 43. Rd1 a2 44. Ra1 Kf7 45. f4 Kf6 46. h5 gxh5
47. Kf3 Ra3+ 48. Ke4 h4 0-1

[Event "II Open"]
[Site "Cortina d'Ampezzo ITA"]
[Date "2013.09.11"]
[Round "3"]
[White "Zangrando, Gianpietro"]
[Black "Sigillo, Carmelo"]
[WhiteElo "1811"]
[BlackElo "1734"]
[Result "1/2-1/2"]
[PlyCount "66"]
[EventDate "2013.09.10"]

1. Nf3 Nf6 2. c4 c5 3. Nc3 d5 4. cxd5 Nxd5 5. g3 Nc6 6. Bg2 g6 7. d4 Bg7 8. e4
Nxc3 9. bxc3 cxd4 10. cxd4 Nxd4 11. Rb1 Qa5+ 12. Bd2 Nxf3+ 13. Bxf3 Qxa2 14.
O-O O-O 15. Bb4 Qe6 16. Ba3 Rb8 17. Qa4 a6 18. Rfc1 Bd7 19. Qb4 Bc6 20. Qxe7
Qxe7 21. Bxe7 Rfe8 22. Bd6 Rbd8 23. Bf4 f5 24. Bg5 Rd7 25. Rd1 Rxd1+ 26. Rxd1
h6 27. Be3 Bxe4 28. Bxe4 Rxe4 29. Rd6 Kf7 30. Bc5 Re7 31. Rd8 Rc7 32. Bb6 Re7
33. Bc5 Rc7 1/2-1/2

[Event "II Open"]
[Site "Cortina d'Ampezzo ITA"]
[Date "2013.09.12"]
[Round "4"]
[White "Bender, Dirk"]
[Black "Obersteiner, Stefan"]
[WhiteElo "2046"]
[BlackElo "1679"]
[Result "1/2-1/2"]
[PlyCount "47"]
[EventDate "2013.09.10"]

1. c4 e6 2. g3 c6 3. Bg2 d5 4. cxd5 exd5 5. d4 Bd6 6. e3 Nf6 7. Nc3 Na6 8. Nge2
Bd7 9. Bd2 O-O 10. O-O Qc8 11. f3 Bh3 12. e4 Bxg2 13. Kxg2 Be7 14. e5 Ne8 15.
Rc1 Qd7 16. a3 Nac7 17. Be3 g6 18. Qd2 Ng7 19. Bh6 Rfe8 20. g4 Nce6 21. f4 f5
22. h3 fxg4 23. hxg4 Nxd4 24. f5 1/2-1/2

[Event "II Open"]
[Site "Cortina d'Ampezzo ITA"]
[Date "2013.09.12"]
[Round "4"]
[White "Caldara, Sisto"]
[Black "Zangrando, Gianpietro"]
[WhiteElo "1813"]
[BlackElo "1811"]
[Result "1-0"]
[PlyCount "91"]
[EventDate "2013.09.10"]

1. d4 e6 2. c4 c6 3. Nc3 d5 4. e4 dxe4 5. Nxe4 Nf6 6. Nxf6+ Qxf6 7. Nf3 Bb4+ 8.
Bd2 Bxd2+ 9. Qxd2 O-O 10. Bd3 Nd7 11. O-O e5 12. Rfe1 exd4 13. Nxd4 Nc5 14. Bc2
Bg4 15. Qe3 Ne6 16. Nxe6 Bxe6 17. b4 Rfd8 18. Rad1 g6 19. Rxd8+ Rxd8 20. Bb3 a6
21. Kf1 Bf5 22. c5 Qh4 23. h3 Qf6 24. Qe7 Qxe7 25. Rxe7 Rd7 26. Bxf7+ Kf8 27.
Rxd7 Bxd7 28. Bc4 g5 29. Ke2 Kg7 30. Kf3 Kf6 31. Bd3 h6 32. Ke3 Be6 33. a3 Ke5
34. Be2 Bd5 35. g3 a5 36. bxa5 Bg2 37. f4+ Kf6 38. h4 gxh4 39. gxh4 Kf5 40. a6
bxa6 41. Bxa6 Kg4 42. Be2+ Kf5 43. Bf3 Bf1 44. Bxc6 Bg2 45. Bf3 Bf1 46. Bc6 1-0

[Event "II Open"]
[Site "Cortina d'Ampezzo ITA"]
[Date "2013.09.12"]
[Round "4"]
[White "De Polzer, Manfredi"]
[Black "Tomio, Dante"]
[WhiteElo "1682"]
[BlackElo "1882"]
[Result "0-1"]
[PlyCount "38"]
[EventDate "2013.09.10"]

1. d4 d5 2. c4 c6 3. Nc3 Nf6 4. Nf3 e6 5. a3 Nbd7 6. e3 Bd6 7. c5 Bc7 8. b4 O-O
9. Bd3 e5 10. dxe5 Nxe5 11. Nxe5 Bxe5 12. Qc2 d4 13. exd4 Qxd4 14. Bb2 Re8 15.
O-O Bxh2+ 16. Kh1 Qh4 17. g3 Bxg3+ 18. Kg2 Qh2+ 19. Kf3 Bg4# 0-1

[Event "II Open"]
[Site "Cortina d'Ampezzo ITA"]
[Date "2013.09.12"]
[Round "4"]
[White "De Val, Tarcisio"]
[Black "Maddaloni, Giovanni"]
[WhiteElo "1589"]
[BlackElo "1709"]
[Result "0-1"]
[PlyCount "54"]
[EventDate "2013.09.10"]

1. e4 c5 2. Nf3 d6 3. d4 cxd4 4. Nxd4 Nf6 5. Nc3 g6 6. Bc4 Bg7 7. O-O O-O 8. f4
Nc6 9. Kh1 Nxe4 10. Nxc6 bxc6 11. Ne2 Qb6 12. Qe1 d5 13. Bd3 f5 14. Rb1 e5 15.
Ng3 Nxg3+ 16. Qxg3 e4 17. Be2 Ba6 18. Re1 Rfd8 19. b3 Rd7 20. h4 Bxe2 21. Rxe2
Qa6 22. c4 d4 23. h5 c5 24. hxg6 Qxg6 25. Qf2 Rad8 26. Re1 d3 27. Rd1 Qh5+ 0-1

[Event "II Open"]
[Site "Cortina d'Ampezzo ITA"]
[Date "2013.09.12"]
[Round "4"]
[White "Di Cicco, Daniela"]
[Black "Montalbini, Ezio"]
[WhiteElo "1422"]
[BlackElo "1426"]
[Result "1/2-1/2"]
[PlyCount "85"]
[EventDate "2013.09.10"]

1. d4 d5 2. Nf3 Nc6 3. a3 Nf6 4. h3 Bf5 5. b3 Qd6 6. Bb2 e6 7. e3 Be7 8. Be2
Ne4 9. Nbd2 O-O 10. O-O Bf6 11. c4 Ne7 12. c5 Qd8 13. b4 b6 14. Ne5 Bxe5 15.
dxe5 Ng6 16. Nxe4 Bxe4 17. f3 Bf5 18. Bd4 Nh8 19. Qe1 Qg5 20. f4 Qg6 21. g4 h5
22. Qh4 hxg4 23. Bxg4 Bxg4 24. Qxg4 Qxg4+ 25. hxg4 Ng6 26. Ra2 Ne7 27. b5 g6
28. c6 Kg7 29. Rh2 Rh8 30. Rff2 Ng8 31. Rxh8 Kxh8 32. Rh2+ Kg7 33. g5 Ne7 34.
a4 a6 35. Rc2 axb5 36. axb5 Ra5 37. Rb2 Nf5 38. Kf2 Nxd4 39. exd4 Ra3 40. Kg2
Kf8 41. Rd2 Ke7 42. Rb2 Rd3 43. Rb4 1/2-1/2

[Event "II Open"]
[Site "Cortina d'Ampezzo ITA"]
[Date "2013.09.12"]
[Round "4"]
[White "Girardelli, Daniel"]
[Black "Gulinelli, Euro"]
[WhiteElo "1518"]
[BlackElo "1594"]
[Result "1/2-1/2"]
[PlyCount "67"]
[EventDate "2013.09.10"]

1. e4 c6 2. Nc3 d5 3. exd5 cxd5 4. d4 Nc6 5. Bb5 a6 6. Be2 Bf5 7. a3 e6 8. Nf3
Be7 9. O-O Bf6 10. Be3 Nge7 11. Qd2 O-O 12. Bd3 Bxd3 13. Qxd3 Ng6 14. Ne2 b5
15. Rfe1 Rc8 16. Nf4 Nxf4 17. Bxf4 Ne7 18. Ng5 Ng6 19. Nh3 Nxf4 20. Nxf4 Qc7
21. Nh5 Qxc2 22. Nxf6+ gxf6 23. Qg3+ Kh8 24. Qf4 Qg6 25. Rac1 Qg5 26. Qe3 Qf5
27. Rc3 Rxc3 28. Qxc3 Rg8 29. g3 h5 30. Qe3 Kh7 31. h4 Qh3 32. Qf3 f5 33. Qxh5+
Kg7 34. Rc1 1/2-1/2

[Event "II Open"]
[Site "Cortina d'Ampezzo ITA"]
[Date "2013.09.12"]
[Round "4"]
[White "Mancin, Michele"]
[Black "Gaspari, Mauro"]
[WhiteElo "1772"]
[BlackElo "1983"]
[Result "0-1"]
[PlyCount "79"]
[EventDate "2013.09.10"]

1. d4 Nf6 2. c4 c5 3. Nf3 cxd4 4. Nxd4 Nc6 5. Nc3 g6 6. g3 Bg7 7. e3 O-O 8. Bg2
Nxd4 9. exd4 Qc7 10. Qd3 d6 11. b3 Bf5 12. Qd1 a6 13. O-O Rac8 14. Bg5 Be6 15.
Rc1 h6 16. Bxf6 Bxf6 17. Ne4 Bg7 18. c5 Qd7 19. d5 Bf5 20. c6 bxc6 21. dxc6 Qc7
22. Nc3 Be6 23. Qd3 Qa5 24. Na4 Rc7 25. Rfd1 Rfc8 26. Qe3 Rb8 27. Be4 Kh7 28.
f4 Rb5 29. h4 Bd5 30. Bd3 Rb8 31. h5 Bxc6 32. hxg6+ fxg6 33. Qe6 Qh5 34. Be4
Bxe4 35. Qxe4 Rbc8 36. Qb1 Bd4+ 37. Kg2 Qe2+ 38. Kh3 Rc2 39. Rxc2 Rxc2 40. Rxd4
0-1

[Event "II Open"]
[Site "Cortina d'Ampezzo ITA"]
[Date "2013.09.12"]
[Round "4"]
[White "Ravagnani, Tiziano"]
[Black "Buratti, Marco"]
[WhiteElo "1984"]
[BlackElo "1996"]
[Result "1-0"]
[PlyCount "75"]
[EventDate "2013.09.10"]

1. e4 e5 2. Nc3 Nc6 3. f4 exf4 4. d4 Qh4+ 5. Ke2 b6 6. Nf3 Ba6+ 7. Kd2 Qf2+ 8.
Be2 Nf6 9. Qf1 Qxf1 10. Rxf1 Bb7 11. Kd1 Bb4 12. Nb5 O-O 13. a3 Be7 14. d5 Nd8
15. Bd3 Nh5 16. Ne5 f5 17. Nxd7 fxe4 18. Bxe4 Nf6 19. Nxf8 Nxe4 20. Rxf4 Nc5
21. b4 Na4 22. Nd7 a6 23. Re4 Bf6 24. Nxf6+ gxf6 25. Rg4+ Kf7 26. Nxc7 Rc8 27.
Bh6 f5 28. Rg7+ Kf6 29. Rd7 Nf7 30. Be3 Nb2+ 31. Kc1 Nc4 32. Bd4+ Kg6 33. c3
Rg8 34. Ne6 Nfd6 35. Nf4+ Kg5 36. g3 Re8 37. Kc2 Kg4 38. Rg7+ 1-0

[Event "II Open"]
[Site "Cortina d'Ampezzo ITA"]
[Date "2013.09.12"]
[Round "4"]
[White "Senesi, Glauco"]
[Black "Kofler, Albin"]
[WhiteElo "1748"]
[BlackElo "1757"]
[Result "1/2-1/2"]
[PlyCount "74"]
[EventDate "2013.09.10"]

1. d4 Nf6 2. Nf3 e6 3. e3 d5 4. Nbd2 Be7 5. Bd3 O-O 6. c3 b6 7. Qe2 c5 8. e4
Bb7 9. e5 c4 10. Bc2 Ne8 11. h4 f5 12. exf6 Nxf6 13. Qxe6+ Kh8 14. Ne5 Qe8 15.
Qh3 Bc8 16. Qh2 Bd6 17. Ndf3 Nc6 18. O-O Nxe5 19. dxe5 Ng4 20. Qg3 Nxe5 21.
Nxe5 Bxe5 22. f4 Bd6 23. Be3 Qxe3+ 24. Qxe3 Bc5 25. Qxc5 bxc5 26. Rae1 Bf5 27.
Bxf5 Rxf5 28. Re5 Rxe5 29. fxe5 Kg8 30. e6 Re8 31. Re1 g6 32. Re5 d4 33. cxd4
cxd4 34. Re4 c3 35. bxc3 dxc3 36. Rc4 Rxe6 37. Rxc3 Ra6 1/2-1/2

[Event "II Open"]
[Site "Cortina d'Ampezzo ITA"]
[Date "2013.09.12"]
[Round "4"]
[White "Sigillo, Carmelo"]
[Black "Cerusico, Carlo"]
[WhiteElo "1734"]
[BlackElo "1376"]
[Result "1-0"]
[PlyCount "45"]
[EventDate "2013.09.10"]

1. e4 e6 2. d3 b6 3. g3 Bb7 4. Bg2 e5 5. Nf3 d6 6. O-O Be7 7. Nc3 Nf6 8. Re1
O-O 9. d4 Nbd7 10. h3 c6 11. g4 exd4 12. Qxd4 c5 13. Qd1 Ne5 14. Bf4 Nfd7 15.
Nd5 Bxd5 16. Qxd5 Nf6 17. Qb3 Qc7 18. Rad1 Rfd8 19. Qc3 Nfd7 20. Nd4 a6 21. Nf5
Bf8 22. g5 Ng6 23. Bxd6 1-0

[Event "II Open"]
[Site "Cortina d'Ampezzo ITA"]
[Date "2013.09.12"]
[Round "4"]
[White "Velluti, Alberto"]
[Black "De Santis, Alessio"]
[WhiteElo "1923"]
[BlackElo "2295"]
[Result "1/2-1/2"]
[PlyCount "118"]
[EventDate "2013.09.10"]

1. e4 c5 2. Nf3 e6 3. d4 cxd4 4. Nxd4 a6 5. Bd3 Nf6 6. Nc3 Qc7 7. O-O Nc6 8.
Nf3 Ng4 9. Ne2 Bc5 10. Qe1 Nd4 11. Nexd4 Bxd4 12. Qd2 Bf6 13. Rb1 b5 14. Qf4
Ne5 15. Qg3 Nxf3+ 16. Qxf3 Bb7 17. Bf4 Be5 18. Bxe5 Qxe5 19. Qg3 Qxg3 20. hxg3
Ke7 21. Rfe1 Rhc8 22. a3 Rc5 23. Rbd1 Rd8 24. f3 h6 25. Kf2 d5 26. exd5 Rdxd5
27. g4 Rd6 28. g3 Rcd5 29. Ke3 h5 30. gxh5 Rxh5 31. Rh1 Re5+ 32. Kf2 g5 33.
Rhe1 Rc5 34. c3 Rcd5 35. Bc2 Rd8 36. Rxd5 Bxd5 37. Be4 Bxe4 38. Rxe4 Rd2+ 39.
Re2 Rd1 40. g4 a5 41. b4 a4 42. Re5 Rd5 43. Rxd5 exd5 44. Ke3 Ke6 45. Kd4 Kd6
46. Kd3 Ke5 47. Ke3 Ke6 48. Kd3 Ke5 49. Ke3 f6 50. Kd3 f5 51. Ke3 f4+ 52. Kd3
Ke6 53. Ke2 Kd6 54. Kd2 Kc6 55. Kd3 Kd7 56. Kd2 Kd6 57. Ke2 Ke5 58. Kd3 Ke6 59.
Kd2 Ke5 1/2-1/2

[Event "II Open"]
[Site "Cortina d'Ampezzo ITA"]
[Date "2013.09.13"]
[Round "5"]
[White "Buratti, Marco"]
[Black "Sigillo, Carmelo"]
[WhiteElo "1996"]
[BlackElo "1734"]
[Result "1-0"]
[PlyCount "59"]
[EventDate "2013.09.10"]

1. d4 Nf6 2. Nc3 d5 3. Bg5 g6 4. f3 Bg7 5. e4 h6 6. Bxf6 exf6 7. exd5 O-O 8.
Bc4 f5 9. Nge2 Re8 10. O-O Qh4 11. Qd2 c5 12. Bb5 Bd7 13. dxc5 a6 14. Bd3 Qb4
15. Rae1 Qxc5+ 16. Kh1 a5 17. Qf4 Na6 18. a4 Nb4 19. d6 Nxd3 20. cxd3 g5 21.
Qd2 Qxd6 22. d4 Qb4 23. Rd1 Rad8 24. Qc2 Rc8 25. Rd2 Rc4 26. Qd3 Rcc8 27. Ng3
f4 28. Nge4 Rcd8 29. Nd5 Re6 30. Nxb4 1-0

[Event "II Open"]
[Site "Cortina d'Ampezzo ITA"]
[Date "2013.09.13"]
[Round "5"]
[White "Caldara, Sisto"]
[Black "Ravagnani, Tiziano"]
[WhiteElo "1813"]
[BlackElo "1984"]
[Result "1-0"]
[PlyCount "107"]
[EventDate "2013.09.10"]

1. d4 Nf6 2. c4 g6 3. Nc3 d5 4. cxd5 Nxd5 5. e4 Nxc3 6. bxc3 Bg7 7. Bc4 c5 8.
Ne2 Nc6 9. Be3 O-O 10. Rc1 cxd4 11. cxd4 Qa5+ 12. Kf1 Rd8 13. h4 Qh5 14. f3 Ne5
15. Ng3 Nxc4 16. Rxc4 Qb5 17. Qe2 b6 18. Rc7 Qa5 19. Kg1 Ba6 20. Qf2 Qb4 21. e5
Bxe5 22. dxe5 Rd1+ 23. Nf1 Rxf1+ 24. Qxf1 Bxf1 25. Kxf1 Rd8 26. Kf2 a5 27. h5
Qb2+ 28. Kg3 Qxe5+ 29. Bf4 Qf6 30. hxg6 Qxg6+ 31. Kf2 Qf5 32. Bh6 Rc8 33. Rh5
Qc2+ 34. Rxc2 Rxc2+ 35. Kg3 f6 36. a4 Rc4 37. Rh4 Rc2 38. Rg4+ Kf7 39. Be3 Rb2
40. Rd4 Rb3 41. Bf2 e5 42. Rd7+ Kg6 43. Rb7 Rb4 44. Rxb6 Rxa4 45. Ra6 Ra2 46.
Bc5 h5 47. Bd6 Kf7 48. Ra7+ Ke6 49. Ra6 h4+ 50. Kh3 a4 51. Bf8+ Kf7 52. Bd6 Kg7
53. Be7 f5 54. Bf6+ 1-0

[Event "II Open"]
[Site "Cortina d'Ampezzo ITA"]
[Date "2013.09.13"]
[Round "5"]
[White "Cerusico, Carlo"]
[Black "De Val, Tarcisio"]
[WhiteElo "1376"]
[BlackElo "1589"]
[Result "0-1"]
[PlyCount "44"]
[EventDate "2013.09.10"]

1. d4 g6 2. e4 Bg7 3. Nf3 d6 4. Bd3 Nf6 5. Nbd2 O-O 6. b3 e5 7. d5 Nbd7 8. b4
a5 9. c3 Nb6 10. Nc4 Nxc4 11. Bxc4 Nxe4 12. Bb2 Bd7 13. b5 a4 14. a3 c6 15. Bd3
Bf5 16. Bxe4 Bxe4 17. c4 cxb5 18. Qe2 Bxf3 19. gxf3 Qa5+ 20. Kf1 bxc4 21. Qxc4
Rac8 22. Qd3 e4 0-1

[Event "II Open"]
[Site "Cortina d'Ampezzo ITA"]
[Date "2013.09.13"]
[Round "5"]
[White "De Santis, Alessio"]
[Black "Bender, Dirk"]
[WhiteElo "2295"]
[BlackElo "2046"]
[Result "1-0"]
[PlyCount "53"]
[EventDate "2013.09.10"]

1. d4 Nf6 2. c4 e6 3. Nc3 Bb4 4. f3 O-O 5. e4 Bxc3+ 6. bxc3 d6 7. Bd3 e5 8. Ne2
b6 9. Bg5 Nc6 10. O-O h6 11. Bh4 g5 12. Bf2 Ne7 13. Be3 Nh5 14. g3 Ng6 15. Kh1
Bb7 16. Qd2 Nf6 17. d5 Qe7 18. Rae1 Kg7 19. f4 Ng4 20. f5 Nh8 21. h3 Nf6 22. h4
Ng4 23. hxg5 hxg5 24. f6+ Nxf6 25. Bxg5 Nxe4 26. Bxe4 f6 27. Bh6+ 1-0

[Event "II Open"]
[Site "Cortina d'Ampezzo ITA"]
[Date "2013.09.13"]
[Round "5"]
[White "Gulinelli, Euro"]
[Black "De Polzer, Manfredi"]
[WhiteElo "1594"]
[BlackElo "1682"]
[Result "1-0"]
[PlyCount "65"]
[EventDate "2013.09.10"]

1. e4 c5 2. Nc3 d6 3. Nf3 Nc6 4. d4 cxd4 5. Nxd4 g6 6. Be3 Bg7 7. Qd2 a6 8.
O-O-O Nf6 9. f3 O-O 10. Bc4 Na5 11. Bb3 Bd7 12. Bh6 Rc8 13. Bxg7 Kxg7 14. Rhe1
Qc7 15. Nd5 Nxb3+ 16. axb3 Nxd5 17. exd5 Rfe8 18. Re3 Qc5 19. Rde1 e5 20. dxe6
fxe6 21. Nxe6+ Bxe6 22. Rxe6 Rxe6 23. Rxe6 d5 24. h4 Rc7 25. h5 Kf7 26. Re5
Qg1+ 27. Re1 Qc5 28. h6 Qc6 29. Qf4+ Kg8 30. Re2 Rc8 31. Qe5 Rc7 32. Rd2 Rd7
33. Qe8# 1-0

[Event "II Open"]
[Site "Cortina d'Ampezzo ITA"]
[Date "2013.09.13"]
[Round "5"]
[White "Kofler, Albin"]
[Black "Girardelli, Daniel"]
[WhiteElo "1757"]
[BlackElo "1518"]
[Result "1/2-1/2"]
[PlyCount "39"]
[EventDate "2013.09.10"]

1. d4 d5 2. c4 Nc6 3. e3 e6 4. Nf3 Nf6 5. Nc3 Bb4 6. a3 Be7 7. Bd3 O-O 8. O-O
h6 9. cxd5 Nxd5 10. e4 Nf6 11. e5 Nh7 12. Bf4 Ng5 13. Nxg5 Bxg5 14. Be3 Kh8 15.
f4 Be7 16. Bc2 Bd7 17. Qh5 f5 18. g4 Qe8 19. Qxe8 Raxe8 20. gxf5 1/2-1/2

[Event "II Open"]
[Site "Cortina d'Ampezzo ITA"]
[Date "2013.09.13"]
[Round "5"]
[White "Maddaloni, Giovanni"]
[Black "Senesi, Glauco"]
[WhiteElo "1709"]
[BlackElo "1748"]
[Result "1-0"]
[PlyCount "87"]
[EventDate "2013.09.10"]

1. e4 e6 2. d4 d5 3. e5 c5 4. c3 Qb6 5. Nf3 Nc6 6. a3 c4 7. g3 Be7 8. Bg2 Bd7
9. O-O f6 10. Nbd2 Nh6 11. a4 fxe5 12. Nxe5 Nxe5 13. dxe5 O-O-O 14. Nf3 Nf5 15.
a5 Qc5 16. Re1 h6 17. g4 Nh4 18. Be3 Nxf3+ 19. Bxf3 Qb5 20. Bxa7 Bc5 21. Bxc5
Qxc5 22. a6 bxa6 23. Rxa6 Kb7 24. Ra3 Rhf8 25. Re3 Ra8 26. b4 Qxe3 27. fxe3
Rxa3 28. Kg2 Rxc3 29. Qd4 Rb3 30. Qc5 Rf7 31. Kg3 Rd3 32. b5 g5 33. Bg2 c3 34.
h3 c2 35. Qxc2 Rxe3+ 36. Kh2 Bxb5 37. Qc5 Rxe5 38. Qxb5+ Kc7 39. Qc5+ Kb7 40.
Qd6 Re2 41. Qb4+ Kc6 42. Qa4+ Kb6 43. Qd4+ Kc6 44. Qc4+ 1-0

[Event "II Open"]
[Site "Cortina d'Ampezzo ITA"]
[Date "2013.09.13"]
[Round "5"]
[White "Masini, Michele"]
[Black "Di Cicco, Daniela"]
[WhiteElo "1659"]
[BlackElo "1422"]
[Result "1-0"]
[PlyCount "123"]
[EventDate "2013.09.10"]

1. d4 d5 2. c4 e6 3. Nc3 Nf6 4. Bg5 Be7 5. e3 O-O 6. Bd3 Nbd7 7. Nge2 a6 8. Rc1
b6 9. cxd5 exd5 10. Qa4 Bb7 11. Bb1 c5 12. O-O h6 13. Bh4 b5 14. Nxb5 axb5 15.
Qxb5 Ba6 16. Qb3 Bxe2 17. Rfe1 Bc4 18. Rxc4 dxc4 19. Qxc4 Qa5 20. Rd1 Qb4 21.
Qxb4 cxb4 22. f3 Rab8 23. Bf2 Rb7 24. e4 Nh5 25. Bc2 Bg5 26. g3 Be7 27. f4 Rc8
28. Rd2 Rbc7 29. Bb3 Ndf6 30. Re2 Ng4 31. Be1 Kh8 32. h3 Ngf6 33. e5 Ne8 34.
Bxf7 Nxg3 35. Bxg3 Rc1+ 36. Kf2 R1c2 37. Bxe8 Rxe2+ 38. Kxe2 Rxe8 39. d5 Rc8
40. d6 Rc2+ 41. Kd3 Rc8 42. dxe7 Re8 43. Bh4 Kg8 44. Kc4 Kf7 45. Kxb4 Ke6 46.
Kc5 Rc8+ 47. Kb6 g6 48. b4 Kd7 49. a4 Rc4 50. Kb5 Rxf4 51. Bf6 g5 52. a5 g4 53.
hxg4 Rxg4 54. a6 Rg8 55. a7 Kc7 56. Ka6 h5 57. b5 h4 58. b6+ Kd7 59. b7 h3 60.
b8=Q Rxb8 61. axb8=Q h2 62. e8=Q# 1-0

[Event "II Open"]
[Site "Cortina d'Ampezzo ITA"]
[Date "2013.09.13"]
[Round "5"]
[White "Obersteiner, Stefan"]
[Black "Gaspari, Mauro"]
[WhiteElo "1679"]
[BlackElo "1983"]
[Result "0-1"]
[PlyCount "76"]
[EventDate "2013.09.10"]

1. d4 Nf6 2. c4 c5 3. e3 cxd4 4. exd4 g6 5. Nc3 Bg7 6. Nf3 O-O 7. Be2 d5 8. c5
Nc6 9. O-O b6 10. Bb5 Bb7 11. Bxc6 Bxc6 12. b4 bxc5 13. bxc5 Ne4 14. Qc2 Qc7
15. Bb2 Rab8 16. Rfe1 Rb4 17. Ne2 Rfb8 18. Ba3 Rc4 19. Qd3 Bb5 20. Qe3 Ra4 21.
Bb2 Bc4 22. Nc3 Ra6 23. Nd1 Bxa2 24. Nd2 Re6 25. Bc3 Nxc3 26. Qxc3 Rxe1+ 27.
Nf1 Rxf1+ 28. Kxf1 Bc4+ 29. Kg1 Rb3 30. Qc2 Bxd4 31. Ra4 Qxc5 32. g3 Qb5 33.
Ra2 Rb1 34. Ra4 a5 35. h4 Qb3 36. Qxb3 Bxb3 37. Rxd4 Rxd1+ 38. Rxd1 Bxd1 0-1

[Event "II Open"]
[Site "Cortina d'Ampezzo ITA"]
[Date "2013.09.13"]
[Round "5"]
[White "Tomio, Dante"]
[Black "Velluti, Alberto"]
[WhiteElo "1882"]
[BlackElo "1923"]
[Result "1/2-1/2"]
[PlyCount "98"]
[EventDate "2013.09.10"]

1. d4 d5 2. Nf3 Nf6 3. e3 Bf5 4. Bd3 Bxd3 5. Qxd3 e6 6. Qb5+ Nbd7 7. Qxb7 Bd6
8. O-O O-O 9. Nbd2 c5 10. c3 Qa5 11. Qb3 Qc7 12. Qc2 Rab8 13. Rb1 Rb7 14. b3
Rc8 15. Bb2 cxd4 16. exd4 Nb6 17. Qd3 Rcb8 18. Rfc1 Bf4 19. Rc2 Qe7 20. g3 Bc7
21. c4 dxc4 22. Nxc4 Nfd5 23. Ba3 Nb4 24. Na5 N6d5 25. Nxb7 Qf6 26. Bxb4 Nxb4
27. Qb5 Nxc2 28. Qc6 Bb6 29. Nc5 Nxd4 30. Nxd4 Qxd4 31. Rc1 h5 32. a3 Qb2 33.
Rf1 Bxc5 34. Qxc5 Rxb3 35. Qxa7 Rxa3 36. Qe7 g6 37. Rd1 Ra1 38. Rxa1 Qxa1+ 39.
Kg2 Qd1 40. Qf6 Qd5+ 41. Kg1 e5 42. h4 e4 43. Qf4 Kg7 44. Qc1 Qd4 45. Qf4 Qd1+
46. Kg2 Qg4 47. Qe5+ Kh7 48. Qf6 Qf5 49. Qc3 Qd5 1/2-1/2

[Event "II Open"]
[Site "Cortina d'Ampezzo ITA"]
[Date "2013.09.13"]
[Round "5"]
[White "Zangrando, Gianpietro"]
[Black "Mancin, Michele"]
[WhiteElo "1811"]
[BlackElo "1772"]
[Result "1-0"]
[PlyCount "87"]
[EventDate "2013.09.10"]

1. Nf3 Nf6 2. c4 e6 3. g3 b6 4. Bg2 Bb7 5. O-O c5 6. Nc3 Be7 7. d3 O-O 8. Re1
d6 9. b3 Nc6 10. Bb2 a6 11. Nd2 d5 12. cxd5 exd5 13. Rc1 Re8 14. Na4 Rc8 15. a3
Na7 16. Nc3 Qd7 17. Nf3 d4 18. Na2 Qb5 19. Nxd4 Qd7 20. Nf3 Nc6 21. Nc3 Nd4 22.
Nxd4 Bxg2 23. Kxg2 cxd4 24. Nb1 Qd5+ 25. Kg1 Qh5 26. Nd2 Qg4 27. Kg2 h5 28. h3
Qd7 29. Nf3 b5 30. Qd2 Qd5 31. b4 Nh7 32. Bxd4 g5 33. Kg1 f6 34. Be3 Qd7 35.
Qa2+ Kg7 36. Kh2 Bd6 37. Bc5 h4 38. Bxd6 Qxd6 39. Qb2 hxg3+ 40. fxg3 Qb6 41.
Qd4 Rxc1 42. Qxb6 Rxe1 43. Nxe1 Rxe2+ 44. Ng2 1-0

[Event "II Open"]
[Site "Cortina d'Ampezzo ITA"]
[Date "2013.09.14"]
[Round "6"]
[White "Bender, Dirk"]
[Black "Caldara, Sisto"]
[WhiteElo "2046"]
[BlackElo "1813"]
[Result "1-0"]
[PlyCount "43"]
[EventDate "2013.09.10"]

1. c4 e5 2. g3 Nc6 3. Bg2 Bc5 4. e3 a6 5. Ne2 d6 6. Nbc3 Nge7 7. O-O h5 8. d4
Ba7 9. b4 h4 10. b5 Na5 11. bxa6 hxg3 12. fxg3 Bh3 13. axb7 Bxg2 14. Kxg2 Nxb7
15. Ng1 Qc8 16. Qf3 Nd8 17. Nb5 Bb6 18. c5 dxc5 19. dxc5 Ba5 20. Bb2 Rb8 21. a4
c6 22. Nd6+ 1-0

[Event "II Open"]
[Site "Cortina d'Ampezzo ITA"]
[Date "2013.09.14"]
[Round "6"]
[White "De Polzer, Manfredi"]
[Black "Montalbini, Ezio"]
[WhiteElo "1682"]
[BlackElo "1426"]
[Result "1-0"]
[PlyCount "65"]
[EventDate "2013.09.10"]

1. e4 e5 2. Nf3 Nc6 3. d4 exd4 4. c3 d6 5. cxd4 Bg4 6. Bc4 Na5 7. Qa4+ c6 8.
Be2 b5 9. Qc2 h6 10. b4 Nc4 11. Bxc4 bxc4 12. Qxc4 Qc7 13. Nbd2 O-O-O 14. Bb2
Nf6 15. Rc1 c5 16. a4 Rd7 17. O-O d5 18. exd5 Rxd5 19. dxc5 Be6 20. Nd4 Rh5 21.
Qa6+ Kb8 22. N2f3 Bd5 23. Nb5 Qb7 24. Qxb7+ Bxb7 25. Be5+ Kc8 26. Nxa7+ Kd7 27.
c6+ Bxc6 28. Nxc6 Be7 29. Rfd1+ Ke6 30. Nfd4+ Kd5 31. Nf5+ Ke4 32. Nfxe7 Ng4
33. Rc4# 1-0

[Event "II Open"]
[Site "Cortina d'Ampezzo ITA"]
[Date "2013.09.14"]
[Round "6"]
[White "De Val, Tarcisio"]
[Black "Masini, Michele"]
[WhiteElo "1589"]
[BlackElo "1659"]
[Result "0-1"]
[PlyCount "68"]
[EventDate "2013.09.10"]

1. e4 e5 2. Nf3 Nf6 3. d3 d6 4. Nc3 g6 5. Be2 Bg7 6. Bg5 h6 7. Be3 Ng4 8. Bd2
f5 9. h3 Nf6 10. exf5 gxf5 11. Nh2 Be6 12. Bh5+ Nxh5 13. Qxh5+ Kd7 14. O-O-O
Nc6 15. Rhe1 Qf6 16. Be3 a5 17. Qe2 d5 18. d4 exd4 19. Bxd4 Nxd4 20. Rxd4 c6
21. f4 Rhe8 22. Rdd1 Kc7 23. Nf3 Bf7 24. Qd2 Bh5 25. Qf2 Bxf3 26. Qxf3 b5 27.
Re3 Rxe3 28. Qxe3 d4 29. Qd3 dxc3 30. Qd7+ Kb6 31. Rd6 cxb2+ 32. Kb1 Qc3 33.
Qe6 Rf8 34. g4 Rf6 0-1

[Event "II Open"]
[Site "Cortina d'Ampezzo ITA"]
[Date "2013.09.14"]
[Round "6"]
[White "Di Cicco, Daniela"]
[Black "Cerusico, Carlo"]
[WhiteElo "1422"]
[BlackElo "1376"]
[Result "1-0"]
[PlyCount "133"]
[EventDate "2013.09.10"]

1. d4 Nf6 2. Nf3 d5 3. b3 e6 4. Bb2 Bb4+ 5. c3 Ba5 6. e3 O-O 7. Be2 Re8 8. O-O
c6 9. Nbd2 Nbd7 10. Qc2 Nf8 11. e4 dxe4 12. Nxe4 Nxe4 13. Qxe4 Nd7 14. Bd3 g6
15. Ne5 Nxe5 16. Qxe5 Qe7 17. Qxa5 b6 18. Qe5 a5 19. Rfe1 Ba6 20. Bxa6 Rxa6 21.
Re2 Raa8 22. Rae1 f6 23. Qxe6+ Qxe6 24. Rxe6 Rxe6 25. Rxe6 Rc8 26. Rxf6 Re8 27.
Kf1 c5 28. Rxb6 cxd4 29. cxd4 Ra8 30. a4 Rc8 31. Ba3 Rd8 32. Ra6 Rxd4 33. Ra8+
Kg7 34. Rxa5 Rd1+ 35. Ke2 Rd7 36. Bb2+ Kf7 37. Ra6 Rc7 38. Kd2 Rb7 39. Rf6+ Ke8
40. Re6+ Kd7 41. Re3 Kc8 42. Re8+ Kd7 43. Re3 Rb8 44. Rd3+ Kc8 45. Be5 Rb7 46.
Rc3+ Kd7 47. Rc7+ Rxc7 48. Bxc7 Kxc7 49. Kc3 Kb6 50. Kb4 g5 51. a5+ Kc6 52. Kc4
h6 53. b4 g4 54. g3 h5 55. b5+ Kb7 56. Kc5 Kc7 57. a6 h4 58. gxh4 g3 59. hxg3
Kb8 60. b6 Ka8 61. h5 Kb8 62. h6 Kc8 63. a7 Kb7 64. h7 Ka6 65. h8=Q Kb7 66.
Qb8+ Ka6 67. a8=Q# 1-0